Phương pháp nghiên cứu khoa học Có sửa đổi và bổ sung

Wedi'i Gadw mewn:
Manylion Llyfryddiaeth
Prif Awdur: Đồng, Thị Thanh Phương
Fformat: Llyfr
Cyhoeddwyd: H. Lao động - Xã hội 2012
Rhifyn:Tái bản lần thứ 1
Tagiau: Ychwanegu Tag
Dim Tagiau, Byddwch y cyntaf i dagio'r cofnod hwn!
Thư viện lưu trữ: Trung tâm Học liệu Lê Vũ Hùng, Trường Đại học Đồng Tháp
LEADER 00695pam a22001818a 4500
001 00039468
005 20171026081025.0
008 170519s2012 ||||||Viesd
041 0 # |a Vie 
082 1 4 |a 370.7  |b PH561PH 
100 1 # |a Đồng, Thị Thanh Phương 
245 1 0 |a Phương pháp nghiên cứu khoa học  |b Có sửa đổi và bổ sung  |c Đồng Thị Thanh Phương, Nguyễn Thị Ngọc An 
250 # # |a Tái bản lần thứ 1 
260 # # |a H.  |b Lao động - Xã hội  |c 2012 
300 # # |a 218 tr.  |b 21cm 
852 # # |b Kho đọc  |j KD.1001906 
910 |d 19/05/2017 
980 # # |a Trung tâm Học liệu Lê Vũ Hùng, Trường Đại học Đồng Tháp